000 00966nam0a22003011 4500
001 v19\rc\1626326
005 20250618232021.0
035 _a(NLR Aleph) 004742701
090 _a4500487
_c4500487
100 _a20061002e18991899|||y0rusy50 ca
101 0 _arus
102 _aRU
105 _ay z |||||
200 1 _aК вопросу о помощи нуждающимся дворянам посредством наделения их землею
_f[Х.]
210 _aХарьков
_cтип. "Юж. края"
_dценз. 1899
215 _a9 с.
_d17
300 _aВ конце текста: Х.
309 _aБез тит. л. и обл.
311 _aОтт. из газ. "Юж. край"
488 0 _12001#$aЮжный край
_tЮжный край
701 0 _aХ.
801 0 _aRU
_bNLR
_gpsbo
801 0 _aRU
_bRuMoRGB
_2psbo
801 1 _aRU
_bProSoft-M
_2rusmarc
852 _aNLR
_j18.231.6.675
899 _aБАН
942 _cBOOK
980 _aNB